[Event "Norway Masters blitz 5th"]
[Site "Stavanger"]
[Date "2017.06.05"]
[Round "6"]
[White "Aronian, Levon"]
[Black "Karjakin, Sergey"]
[Result "1-0"]
[WhiteElo "2793"]
[BlackElo "2781"]
[PlyCount "77"]
[EventDate "2017.06.05"]
[EventType "tourn (blitz)"]
[EventRounds "9"]
[EventCountry "NOR"]
[EventCategory "22"]
[SourceTitle "CBM 179"]
[Source "ChessBase"]
[SourceDate "2017.07.12"]
[SourceVersion "1"]
[SourceVersionDate "2017.07.12"]
[SourceQuality "1"]

1. Nf3 Nf6 2. g3 c5 3. Bg2 Nc6 4. O-O e5 5. e4 Be7 6. Nc3 O-O 7. d3 d6 ({RR} 7... a6 8. Bg5 b5 9. Bxf6 Bxf6 10. Nd5 d6 11. a4 Be6 12. axb5 axb5 13. Rxa8 Qxa8 14. Nxf6+ gxf6 15. Nh4 Ne7 16. Qh5 Qc8 17. f4 Bg4 18. Qh6 Qe6 19. f5 Qa2 20. Qxf6 Be2 21. Re1 Qxb2 22. Qg5+ {Piliposyan,R (2409)-Fichter,F (2253) chess.com INT 2025 1-0}) 8. Kh1 $146 ({RR} 8. h3 Ne8 9. Nd2 Nc7 10. Nc4 f5 11. f4 fxe4 12. dxe4 Kh8 13. Ne3 exf4 14. gxf4 Bf6 15. Ncd5 Nxd5 16. Nxd5 Bd4+ 17. Kh2 g6 18. c3 Bg7 19. Be3 Be6 20. b4 b6 21. bxc5 bxc5 22. Rb1 Qd7 {Yu Yangyi (2729)-Caruana,F (2766) chess.com INT 2023 ½-½ (60)}) ({RR} 8. h3 Bd7 9. Nd2 Nd4 10. a4 Nc6 11. Nc4 Nb4 12. f4 exf4 13. Bxf4 Be6 14. Ne3 d5 15. Nf5 Bxf5 16. exf5 Bd6 17. Ne2 h6 18. c3 Nc6 19. g4 Re8 20. Qd2 Bxf4 21. Nxf4 d4 22. Qf2 Qd6 {Kramnik,V (2783)-Karjakin,S (2760) Zuerich 2015 ½-½ (43)}) ({RR} 8. h3 Ne8 9. Nd5 Nc7 10. Nxe7+ Qxe7 11. Nh4 Be6 12. c3 d5 13. Qe2 Rad8 14. Kh2 Rfe8 15. f4 dxe4 16. dxe4 f6 17. f5 Bf7 18. g4 b5 19. Qf2 b4 20. Be3 Na6 21. g5 Bc4 22. Qg3 bxc3 {Shyam,S (2523)-Wagner,D (2583) Moscow 2016 1-0 (45)}) 8... Bd7 9. Ng1 Nd4 10. f4 exf4 11. gxf4 Bc6 12. Nce2 Nxe2 13. Nxe2 Re8 14. c4 b5 15. b3 Rb8 16. Nc3 bxc4 17. bxc4 Nd7 18. Bd2 Bf6 19. Rc1 Rb2 20. Rc2 Qb6 21. a4 a6 22. Bc1 Rb3 23. Nd5 Bxd5 24. cxd5 Bd4 25. Re2 Rb1 26. Bf3 g6 27. Qc2 Rb8 28. Kg2 Qb3 29. Rd1 Ra1 30. Qxb3 Rxb3 31. Rc2 Rbb1 32. Kf1 Nb6 33. a5 Na4 34. e5 Nc3 35. Re1 dxe5 36. d6 Kf8 37. fxe5 Rxa5 38. Rxc3 Bxc3 39. Bh6+ 1-0

[Event "Teplice op 12th"]
[Site "Teplice"]
[Date "2017.06.17"]
[Round "8"]
[White "Turov, Maxim"]
[Black "Babula, Vlastimil"]
[Result "1-0"]
[WhiteElo "2595"]
[BlackElo "2552"]
[PlyCount "71"]
[EventDate "2017.06.10"]
[EventType "swiss"]
[EventRounds "9"]
[EventCountry "CZE"]
[SourceTitle "CBM 178 Extra"]
[Source "ChessBase"]
[SourceDate "2017.06.22"]
[SourceVersion "1"]
[SourceVersionDate "2017.06.22"]
[SourceQuality "1"]

1. Nf3 Nf6 2. g3 b6 3. Bg2 Bb7 4. O-O g6 5. d3 Bg7 6. e4 d6 7. Ng5 e5 $146 ({RR} 7... h6 8. Nh3 e5 9. f4 Nbd7 10. Be3 h5 11. f5 Qe7 12. Nc3 Bh6 13. Bxh6 Rxh6 14. Qd2 Rh8 15. fxg6 fxg6 16. Nd5 Bxd5 17. exd5 h4 18. Ng5 hxg3 19. hxg3 O-O-O 20. a4 Rh5 21. a5 b5 22. Bf3 {Turov,M (2614)-Chigaev,M (2546) Tallinn 2018 0-1 (46)}) 8. f4 Nbd7 9. Nc3 Qe7 10. Nb5 O-O 11. Nxc7 Rac8 12. Nb5 exf4 13. Bxf4 Nh5 14. c3 Rc5 15. Qb3 Rxg5 16. Bxd6 Qd8 17. d4 Nhf6 18. Bxf8 Nxf8 19. e5 Bxg2 20. Kxg2 Nd5 21. Nd6 Qa8 22. Kg1 f5 23. exf6 Bh6 24. c4 Nc7 25. Rae1 Qc6 26. Ne8 Nce6 27. d5 Qc5+ 28. Kh1 Nd4 29. f7+ Kh8 30. Qc3 Rxd5 31. Re4 Rd8 32. Rd1 Bg7 33. Nxg7 Ne2 34. Ne6+ Nxc3 35. Rxd8 Nxe4 36. Nxc5 1-0

[Event "Sanxenxo Carlos op 9th"]
[Site "Sanxenxo"]
[Date "2017.06.23"]
[Round "7"]
[White "Strikovic, Aleksa"]
[Black "Del Rio de Angelis, Salvador Gabriel"]
[Result "1-0"]
[WhiteElo "2503"]
[BlackElo "2524"]
[PlyCount "52"]
[EventDate "2017.06.17"]
[EventType "swiss"]
[EventRounds "9"]
[EventCountry "ESP"]
[SourceTitle "CBM 179 Extra"]
[Source "ChessBase"]
[SourceDate "2017.08.23"]
[SourceVersion "1"]
[SourceVersionDate "2017.08.23"]
[SourceQuality "1"]

1. Nf3 e6 2. g3 b6 3. Bg2 Bb7 4. O-O f5 5. d3 Nf6 6. e4 fxe4 7. Ng5 Nc6 8. Nxe4 Be7 9. d4 ({RR} 9. Nbd2 O-O 10. d4 Nxe4 11. Nxe4 d5 12. Nc3 Bf6 13. Ne2 Re8 14. Re1 Qd7 15. Be3 e5 16. dxe5 Nxe5 17. Nf4 Rad8 18. Nh5 c5 19. Bf4 Ng6 20. Nxf6+ gxf6 21. Qf3 Ba8 22. Bh6 Qf7 23. Qg4 Kh8 {Campora,D (2432)-Del Rio de Angelis,S (2524) Sanxenxo 2017 ½-½ (57)}) 9... O-O 10. Nbc3 Na5 $146 ({RR} 10... Nxe4 11. Bxe4 d5 12. Bg2 Bf6 13. Be3 Ne7 14. g4 g6 15. f4 Rc8 16. Qe2 c5 17. Rad1 Rc6 18. dxc5 bxc5 19. Qf2 Qa5 20. Ne2 Rb6 21. Bxc5 Rxb2 22. g5 Bxg5 23. Qe3 Bf6 24. Qxe6+ Rf7 25. Bd4 {Pankratov,O (2132)-Mezhov,D (1941) Sochi 2018 0-1 (41)}) 11. Qe2 Nxe4 12. Nxe4 c5 13. dxc5 bxc5 14. Be3 c4 15. Rad1 Qc7 16. Bd4 Rad8 17. Bc3 Nc6 18. Nd2 Ba6 19. h4 Bf6 20. Bxf6 Rxf6 21. Ne4 Rff8 22. Rd6 Qa5 23. c3 Ne5 24. b4 Qa3 25. Nc5 Qxc3 26. Rxa6 Qa3 1-0

[Event "Paris GCT Blitz"]
[Site "Paris"]
[Date "2017.06.24"]
[Round "5"]
[White "Nakamura, Hikaru"]
[Black "Bacrot, Etienne"]
[Result "1-0"]
[WhiteElo "2785"]
[BlackElo "2708"]
[PlyCount "101"]
[EventDate "2017.06.21"]
[EventType "tourn (blitz)"]
[EventRounds "18"]
[EventCountry "FRA"]
[EventCategory "22"]
[SourceTitle "CBM 179"]
[Source "ChessBase"]
[SourceDate "2017.07.12"]
[SourceVersion "1"]
[SourceVersionDate "2017.07.12"]
[SourceQuality "1"]

1. Nf3 d5 2. g3 g6 3. c4 c6 4. Bg2 Bg7 5. O-O Nf6 6. d3 O-O 7. Nbd2 Re8 8. Qc2 e5 9. e4 Na6 10. a3 dxe4 11. Nxe4 Nxe4 12. dxe4 Nc5 13. Rd1 Qc7 $146 ({RR} 13... Qe7 14. Bg5 Bf6 15. Bxf6 Qxf6 16. b4 Ne6 17. Qc3 Nc7 18. Nd2 Be6 19. Nb3 b6 20. Rd6 Rec8 21. Rxc6 Ne8 22. Rxc8 Rxc8 23. c5 Bxb3 24. Qxb3 bxc5 25. Rc1 Qe7 26. Qd5 Nf6 27. Qc4 Nd7 28. Bh3 {Adamowicz,M (2042)-Cukrowski,F (2163) Szczyrk 2013 1-0 (47)}) 14. b4 Ne6 15. c5 b6 16. Be3 bxc5 17. bxc5 Ba6 18. Bh3 Rad8 19. Rxd8 Qxd8 20. Bxe6 Rxe6 21. Rd1 Qc7 22. Qd2 Re8 23. Qd7 Qb8 24. Kg2 h6 25. h4 Qc8 26. Qxa7 Bc4 27. h5 Qg4 28. Qd7 Qxd7 29. Rxd7 Ra8 30. hxg6 fxg6 31. Nh4 Kh7 32. Rd6 Rxa3 33. Nxg6 Bd3 34. Kf3 Bc2 35. g4 Ra4 36. Nh4 Bxe4+ 37. Kg3 Bf8 38. Rd7+ Kg8 39. f3 Bd5 40. Rd8 Kf7 41. Nf5 Ra3 42. Rd7+ Ke8 43. Rb7 e4 44. fxe4 Bxe4 45. Kf4 Ra4 46. Ke5 Bd5 47. Kf6 Ra8 48. Bf4 Rd8 49. Bd6 Bxd6 50. cxd6 Rd7 51. Ng7+ 1-0

[Event "Paris GCT Blitz"]
[Site "Paris"]
[Date "2017.06.25"]
[Round "10"]
[White "Caruana, Fabiano"]
[Black "Carlsen, Magnus"]
[Result "1-0"]
[WhiteElo "2808"]
[BlackElo "2832"]
[PlyCount "97"]
[EventDate "2017.06.21"]
[EventType "tourn (blitz)"]
[EventRounds "18"]
[EventCountry "FRA"]
[EventCategory "22"]
[SourceTitle "CBM 179"]
[Source "ChessBase"]
[SourceDate "2017.07.12"]
[SourceVersion "1"]
[SourceVersionDate "2017.07.12"]
[SourceQuality "1"]

1. Nf3 {Prathamesh,Sunil Mokal} d5 2. g3 Nf6 3. Bg2 Bg4 4. O-O e6 5. d3 Be7 6. h3 Bh5 7. Nbd2 ({RR} 7. c4 c6 8. Qb3 Qc8 ({RR} 8... Qb6 9. Be3 Qxb3 10. axb3 a6 11. g4 Bg6 12. Ne5 Nbd7 13. Nxg6 hxg6 14. Nc3) 9. g4 Bg6 10. cxd5 cxd5 ({RR} 10... Nxd5 11. e4 Nf6 12. Ne5) ({RR} 10... exd5 11. Nh4) 11. Bf4 Nc6 12. Nc3 O-O 13. Rac1 Qd7 ({RR} 13... Nd7 14. Na4 Re8 15. Rfe1 Bd8 16. Nd4 e5 17. Nxc6 bxc6 18. Bg3 Qa6) 14. Ne5 ({RR} 14. e4 dxe4 15. dxe4 Nxe4 16. Rfd1 Qc8 17. Nxe4 Bxe4 18. Ne5 Bxg2 19. Kxg2 Rd8 20. Rxd8+ Bxd8 21. Nxc6 bxc6 22. Qa4) 14... Nxe5 15. Bxe5 h5 ({RR} 15... Bd6 16. f4 ({RR} 16. Bxd6 Qxd6 17. e4 ({RR} 17. Qxb7 Rfb8)) ({RR} 16. Bxf6 gxf6)) 16. g5 ({RR} 16. gxh5 Nxh5) 16... Ne8 ({RR} 16... Nh7 17. f4) 17. f4 ({RR} 17. h4 f6 18. gxf6 Bxf6) 17... Bc5+ ({RR} 17... f6 18. gxf6 gxf6 19. Bd4 Ng7 20. Bf2 ({RR} 20. e4 dxe4) ({RR} 20. Kh1 Kh8 ({RR} 20... Nf5 21. Bf2))) 18. d4 ({RR} 18. Kh1 Be3 19. Rc2 Nd6) 18... Bb6 19. f5 ({RR} 19. Na4 Bf5 ({RR} 19... f6 20. Nxb6 axb6 21. f5 Bxf5 22. Rxf5 exf5 23. Bxd5+)) ({RR} 19. Qa3 Bf5 ({RR} 19... f6 20. f5)) 19... Bxf5 20. Rxf5 exf5 21. Nxd5 Qe6 {Kramnik,V (2812)-Bluebaum,M (2642) Dortmund 2017 CBM 180 [Prathamesh,Sunil Mokal] 1-0 (38)} {RR} 22. g6 ({RR} 22. e3) 22... Qxe5) 7... c5 ({RR} 7... O-O 8. g4 Bg6 9. Ne5 c6 10. c3 Nbd7 11. Nxg6 hxg6 12. e4 dxe4 13. Nxe4 Nxe4 14. Bxe4 Nc5 15. Be3 Nxe4 16. dxe4 Qc7 17. Qb3 Qe5 18. Rae1 b6 19. Qc2 Rfd8 20. f4 Qb5 21. c4 Qa5 22. f5 {Deak-Sala,E (1968)-Faybish,D (1582) Florianopolis BRA 2024 1-0 (48)}) 8. e4 Nc6 9. Re1 dxe4 $146 ({RR} 9... O-O 10. e5 Nd7 11. g4 Bg6 12. Nf1 b5 13. Ng3 b4 14. g5 c4 15. d4 b3 16. c3 bxa2 17. Rxa2 Qb6 18. Nd2 Bd3 19. Qg4 Rfd8 20. Ndf1 a5 21. Ne3 Nf8 22. Nh5 Qb5 23. f4 a4 24. Nf6+ {Kourkoulos Arditis,S (2545)-Parligras,M (2560) Geoagiu Bai ROU 2022 0-1 (35)}) ({RR} 9... O-O 10. e5 Nd7 11. g4 Bg6 12. Nf1 b5 13. Ng3 b4 14. g5 c4 15. d4 b3 16. c3 bxa2 17. Rxa2 Qb6 18. Nd2 Bd3 19. Qg4 Rfd8 20. Ndf1 a5 21. Ne3 Nf8 22. Nh5 Qb5 23. f4 a4 24. Nf6+ {Kourkoulos Arditis,S (2545)-Parligras,M (2560) Geoagiu Bai ROU 2022 0-1 (35)}) 10. dxe4 O-O 11. e5 Nd7 12. g4 Bg6 13. Nc4 Nb4 14. Ne3 Nb6 15. Qe2 N6d5 16. Rd1 Qc7 17. Nxd5 Nxd5 18. a3 c4 19. Nd4 Rfd8 20. Kh1 c3 21. b4 Qb6 22. Nb3 Rd7 23. f4 Rad8 24. Rf1 h6 25. f5 Bh7 26. Na5 Qc7 27. Nc4 b5 28. Na5 a6 29. Nb3 Nb6 30. Bf4 Nc4 31. Bg3 Bg5 32. Rf3 Rd2 33. Nxd2 cxd2 34. h4 Ne3 35. hxg5 d1=Q+ 36. Rxd1 Rxd1+ 37. Kh2 Nxg4+ 38. Kh3 Rd4 39. g6 fxg6 40. fxe6 g5 41. Rf7 Qc8 42. Qf3 Bg6 43. Re7 Nxe5 44. Qf2 Qd8 45. Rxg7+ Kxg7 46. Bxe5+ Kg8 47. Bxd4 Qd6 48. Qf6 g4+ 49. Kxg4 1-0

[Event "Paris GCT Blitz"]
[Site "Paris"]
[Date "2017.06.25"]
[Round "13"]
[White "Vachier Lagrave, Maxime"]
[Black "Bacrot, Etienne"]
[Result "1-0"]
[WhiteElo "2796"]
[BlackElo "2708"]
[PlyCount "66"]
[EventDate "2017.06.21"]
[EventType "tourn (blitz)"]
[EventRounds "18"]
[EventCountry "FRA"]
[EventCategory "22"]
[SourceTitle "CBM 179"]
[Source "ChessBase"]
[SourceDate "2017.07.12"]
[SourceVersion "1"]
[SourceVersionDate "2017.07.12"]
[SourceQuality "1"]

1. Nf3 Nf6 2. b3 d5 3. Bb2 c5 4. g3 Nc6 5. Bg2 g6 6. O-O Bg7 7. Ne5 ({RR} 7. d4 Ne4 8. e3 Bg4 9. h3 Bxf3 10. Bxf3 f5 11. c3 cxd4 12. cxd4 e5 13. dxe5 Nxe5 14. Kg2 O-O 15. Be2 Rf7 16. Nd2 Qg5 17. Nxe4 dxe4 18. Bxe5 Bxe5 19. Bc4 Bxa1 20. Bxf7+ Kf8 21. Bc4 Bc3 {Papp,L (2386)-Muniz,F (2165) chess.com INT 2025 1-0}) 7... Nxe5 8. Bxe5 O-O 9. c4 $146 ({RR} 9. e3 b6 10. c4 Bb7 11. d4 cxd4 12. Qxd4 Qd7 13. Nc3 Rfd8 14. Rfd1 Rac8 15. Nxd5 Bxd5 16. cxd5 Qf5 17. e4 Qh5 18. h3 Rc2 19. d6 Ne8 20. Bxg7 Rxd6 21. g4 Rxd4 22. gxh5 Rxd1+ 23. Rxd1 Kxg7 {Pein,J (2249)-Zou,C (2449) chess.com INT 2024 0-1 (59)}) ({RR} 9. e3 b6 10. c4 Bb7 11. d4 cxd4 12. Qxd4 Qd7 13. Nc3 Rfd8 14. Rfd1 Rac8 15. Nxd5 Bxd5 16. cxd5 Qf5 17. e4 Qh5 18. h3 Rc2 19. d6 Ne8 20. Bxg7 Rxd6 21. g4 Rxd4 22. gxh5 Rxd1+ 23. Rxd1 Kxg7 {Pein,J (2249)-Zou,C (2449) chess.com INT 2024 0-1 (59)}) 9... Be6 10. Nc3 d4 11. Na4 Qc8 12. e3 Rd8 13. exd4 cxd4 14. Qf3 Bh3 15. Qxb7 Bxg2 16. Qxc8 Raxc8 17. Kxg2 Nd7 18. Bxg7 Kxg7 19. Rae1 e5 20. d3 f5 21. f4 Kf6 22. Rf2 g5 23. fxe5+ Nxe5 24. Ref1 f4 25. gxf4 Ng4 26. fxg5+ Kg6 27. h4 Ne3+ 28. Kg3 Nxf1+ 29. Rxf1 Rf8 30. Rxf8 Rxf8 31. Nc5 Rf1 32. Ne6 Rd1 33. Kg4 Kf7 1-0

[Event "Paris GCT Blitz"]
[Site "Paris"]
[Date "2017.06.25"]
[Round "15"]
[White "Nakamura, Hikaru"]
[Black "Topalov, Veselin"]
[Result "1-0"]
[WhiteElo "2785"]
[BlackElo "2749"]
[PlyCount "75"]
[EventDate "2017.06.21"]
[EventType "tourn (blitz)"]
[EventRounds "18"]
[EventCountry "FRA"]
[EventCategory "22"]
[SourceTitle "CBM 179"]
[Source "ChessBase"]
[SourceDate "2017.07.12"]
[SourceVersion "1"]
[SourceVersionDate "2017.07.12"]
[SourceQuality "1"]

1. Nf3 d5 2. e3 g6 3. c4 c6 4. cxd5 ({RR} 4. Qa4 e6 5. Nc3 Bg7 6. d4 Nf6 7. cxd5 exd5 8. Bd3 O-O 9. O-O Re8 10. Qc2 Nbd7 11. Rb1 a5 12. a3 Qe7 13. Nd2 Nf8 14. b4 axb4 15. axb4 Ne6 16. Nb3 Qxb4 17. Nc5 Qa5 18. Nxe6 Rxe6 {Nakamura,H (2736)-Artemiev,V (2716) Chess.com INT 2020 ½-½ (50)}) ({RR} 4. Nc3 Bg7 5. b3 e5 6. cxd5 cxd5 7. d4 e4 8. Nd2 Ne7 9. Ba3 Be6 10. Bb5+ Nbc6 11. O-O O-O 12. Rc1 a6 13. Be2 b5 14. Bb2 f5 15. f3 Rc8 16. fxe4 fxe4 17. Rxf8+ Qxf8 18. Qf1 Nf5 {Kunz,A (2197)-Le Goff,R (2286) chess.com INT 2024 0-1}) ({RR} 4. Qa4 Nf6 5. cxd5 Nxd5 6. Nc3 Bg7 7. Be2 O-O 8. O-O Nd7 9. Nxd5 cxd5 10. d4 Nb6 11. Qb3 Bg4 12. a4 Qd7 13. a5 Bxf3 14. gxf3 Nc8 15. Bd2 e6 16. Bb4 Nd6 17. Rac1 Rfc8 18. Bxd6 Qxd6 {Nakamura,H (2760)-Bernadskiy,V (2617) Chess.com INT 2022 ½-½ (65)}) 4... cxd5 5. Qa4+ $146 ({RR} 5. Bb5+ Nc6 6. Ne5 Bd7 7. Nxd7 Qxd7 8. Qa4 a6 9. Bxc6 bxc6 10. Qd4 Nf6 11. Nc3 Bg7 12. Qc5 O-O 13. d4 Rfb8 14. b3 Qc7 15. Ba3 Bf8 16. Na4 e6 17. Qc1 Bxa3 18. Qxa3 Qa5+ 19. Ke2 Ne4 {Letzel,E (1663)-Rossmann,E (1360) Schloss Schney 2000 1-0 (40)}) ({RR} 5. Nc3 Nc6 6. Bb5 Bg7 7. Qa4 Qd6 8. b3 Nf6 9. Ba3 Qc7 10. Rc1 Bd7 11. Nd4 O-O 12. Nce2 Ne4 13. Nxc6 bxc6 14. Bxc6 Bxc6 15. f3 Rfc8 16. Rxc6 Qxc6 17. Qxc6 Rxc6 18. fxe4 dxe4 19. Bxe7 Rc2 {Stroganov,A (1946)-Gaprindashvili,N (2046) St Petersburg 2008 0-1 (55)}) 5... Nc6 6. Ne5 Bd7 7. Nxd7 Qxd7 8. d4 e6 9. Nd2 Bd6 10. Nf3 Nf6 11. Be2 O-O 12. O-O Ne4 13. Nd2 Nf6 14. a3 a6 15. Bd3 Qe7 16. f4 Rfc8 17. Qd1 Rc7 18. b3 Rac8 19. Bb2 a5 20. g4 Ne8 21. g5 Ng7 22. Qe2 Nf5 23. Nf3 Qf8 24. Qd2 Qe7 25. Rfe1 Qf8 26. Kh1 Be7 27. e4 dxe4 28. Bxe4 Rd8 29. d5 exd5 30. Bxf5 gxf5 31. Nh4 d4 32. Nxf5 Bc5 33. Qd3 b6 34. Re4 f6 35. Re6 fxg5 36. fxg5 Kh8 37. Rf1 Qg8 38. Qe4 1-0

[Event "Paris GCT Rapid"]
[Site "Paris"]
[Date "2017.06.22"]
[Round "4"]
[White "Nakamura, Hikaru"]
[Black "Bacrot, Etienne"]
[Result "1-0"]
[WhiteElo "2785"]
[BlackElo "2708"]
[Annotator "Yermolinsky,Alex "]
[PlyCount "51"]
[EventDate "2017.06.21"]
[EventType "tourn (rapid)"]
[EventRounds "9"]
[EventCountry "FRA"]
[EventCategory "22"]
[SourceTitle "CBM 179"]
[Source "ChessBase"]
[SourceDate "2017.07.12"]
[SourceVersion "1"]
[SourceVersionDate "2017.07.12"]
[SourceQuality "1"]

1. Nf3 d5 2. g3 Nf6 3. Bg2 e6 4. O-O Be7 5. d3 b6 6. Nbd2 Bb7 7. e4 dxe4 $5 8. dxe4 Nc6 9. a3 a5 10. e5 Nd7 11. Re1 Nc5 12. Qe2 O-O {Black is playing dangerous games by leaving his king short of defenders, but things are far from simple.} 13. h4 $146 (13. Ne4 Qd5 14. Nc3 Nd4 15. Nxd5 Nxe2+ 16. Rxe2 Bxd5 17. Nd4 $14 {is nice for White, but from Black's perspective it's much superior to getting mated.}) ({RR} 13. Qc4 Kh8 14. Nf1 Qe8 15. Bf4 b5 16. Qe2 b4 17. Qe3 a4 18. Nd4 Nxd4 19. Qxd4 Bxg2 20. Kxg2 b3 21. Qc4 bxc2 22. Qxc2 Qb5 23. Nd2 Rad8 24. Nc4 Rd4 25. Ne3 Nd3 26. Re2 Rxf4 27. gxf4 Nxf4+ {Daud,H-Perez,E San Mateo 1992 0-1}) 13... h6 ({Here, and on the next two moves, Bacrot should have been looking at} 13... Qd5 $1 {Centralization is the key. The obvious tactical point is} 14. Nf1 $4 Nd4 $19) 14. Nf1 a4 {Inconsequential.} (14... Qd5 15. N1h2 (15. Rd1 Qe4 {Black always welcomes a queen trade in this structure.}) 15... Nd4 16. Qd2 Nf5 {That knight will help Black to shore up his K-side defenses.}) 15. N1h2 Qc8 $2 (15... Qd5 16. Bf4 Rfd8 17. Qe3 Qc4 18. Rac1 Nd4 $11) 16. Ng4 Rd8 {Bacrot shows his contempt for White's imposing build-up.} (16... h5 17. Ngh2 Ba6 18. Qe3 {and White will go on with g3-g4}) 17. Nxh6+ $1 {Punishment comes his way.} gxh6 18. Bxh6 f5 ({Better chances of defending are offered by} 18... Kh7 {particularly if White follows a direct line,} 19. Bg5 ({I like} 19. Be3 Kg7 20. Qc4 Rh8 21. Rad1 {more.}) 19... Nd4 20. Nxd4 Bxg5 21. Qh5+ Bh6 22. Qxf7+ Kh8 23. Bxb7 Qxb7 24. Nxe6 Nxe6 25. Qxe6 Bg7 26. Qg4 {The four pawns are nice, but White no longer has the firepower to checkmate the black king.}) 19. exf6 Bxf6 20. Ng5 Qd7 21. Qg4 Bg7 22. Rad1 Qe7 23. Rxd8+ Rxd8 24. Nxe6 Rd4 25. Qxg7+ Qxg7 26. Nxg7 {A business-like demolition job by Nakamura.} 1-0

[Event "NED-ch"]
[Site "Amsterdam"]
[Date "2017.07.02"]
[Round "7"]
[White "L'Ami, Erwin"]
[Black "Burg, Twan"]
[Result "1-0"]
[WhiteElo "2610"]
[BlackElo "2518"]
[PlyCount "59"]
[EventDate "2017.06.26"]
[EventType "tourn"]
[EventRounds "7"]
[EventCountry "NED"]
[EventCategory "14"]
[SourceTitle "CBM 179"]
[Source "ChessBase"]
[SourceDate "2017.07.12"]
[SourceVersion "1"]
[SourceVersionDate "2017.07.12"]
[SourceQuality "1"]

1. Nf3 d5 2. e3 Nf6 3. b3 Bf5 4. Bb2 e6 5. Bd3 Bxd3 ({RR} 5... Bg6 6. O-O Nbd7 7. Nc3 c6 8. Qe2 Bh5 9. Qd1 Bd6 10. Ne2 e5 11. Ng3 Bg6 12. Nh4 O-O 13. Nhf5 Bc7 14. f4 Re8 15. Nxg7 Kxg7 16. f5 e4 17. fxg6 hxg6 18. Be2 Rh8 19. Qe1 Be5 20. Bxe5 {Paravyan,D (2597)-Esipenko,A (2683) chess.com INT 2023 1-0 (39)}) ({RR} 5... Bg6 6. O-O Bd6 7. Ne5 Nbd7 8. f4 c6 9. Qe2 Qc7 10. Nxg6 hxg6 11. g3 e5 12. c4 O-O-O 13. cxd5 Nxd5 14. Nc3 Nxc3 15. Bxc3 exf4 16. gxf4 g5 17. Bf5 gxf4 18. exf4 Bxf4 19. Rxf4 Qxf4 20. Rf1 {Scheglov,G (2318)-Shankland,S (2670) chess.com INT 2025 0-1 (55)}) 6. cxd3 Nbd7 7. Nc3 Bd6 $146 ({RR} 7... c5 8. d4 cxd4 9. Nxd4 e5 10. Nf5 g6 11. Ng3 Bg7 12. O-O O-O 13. Re1 h5 14. h3 Re8 15. Nce2 h4 16. Nf1 Rc8 17. d4 e4 18. Nc3 Nf8 19. Ba3 Rxc3 20. Bc5 b6 21. Ba3 Qd7 22. Nh2 {Andreani,C (1440)-Gregori,G (1802) Amantea 2010 0-1 (39)}) ({RR} 7... Be7 8. Ne2 O-O 9. Ng3 c5 10. O-O Rc8 11. Qe2 Qb6 12. Rfc1 Rc7 13. Rc2 Rfc8 14. Rac1 Qa6 15. Ne5 Nxe5 16. Bxe5 Rc6 17. f4 Nd7 18. Bb2 Bf6 19. Bxf6 Nxf6 20. Kf1 Kf8 21. Nh1 b5 22. Nf2 {Liang,A (2643)-Pakleza,Z (2492) chess.com INT 2023 1-0 (48)}) 8. h3 O-O 9. g4 c6 10. Ne2 Qe7 11. Qc2 Rac8 12. g5 Nh5 13. d4 c5 14. Rc1 c4 15. bxc4 Rxc4 16. Qb1 Rxc1+ 17. Nxc1 f5 18. Ne2 f4 19. e4 dxe4 20. Qxe4 Qf7 21. Nc3 Nb6 22. O-O Qf5 23. Qxf5 Rxf5 24. Ne4 Bf8 25. Rc1 Rb5 26. Rc2 g6 27. Kg2 Nd5 28. Bc1 Ra5 29. Ne5 Ng7 30. Rc8 1-0

[Event "Leuven GCT rapid"]
[Site "Leuven"]
[Date "2017.06.30"]
[Round "8"]
[White "So, Wesley"]
[Black "Aronian, Levon"]
[Result "1-0"]
[WhiteElo "2789"]
[BlackElo "2780"]
[PlyCount "169"]
[EventDate "2017.06.28"]
[EventType "tourn (rapid)"]
[EventRounds "9"]
[EventCountry "BEL"]
[EventCategory "22"]
[SourceTitle "CBM 179"]
[Source "ChessBase"]
[SourceDate "2017.07.12"]
[SourceVersion "1"]
[SourceVersionDate "2017.07.12"]
[SourceQuality "1"]

1. Nf3 d5 2. g3 c6 3. Bg2 Bf5 4. O-O e6 5. c4 dxc4 6. a4 ({RR} 6. Na3 Bxa3 7. bxa3 Nd7 8. a4 Ne7 9. Bb2 O-O 10. Rc1 Nb6 11. Ne5 f6 12. Nxc4 Nxc4 13. Rxc4 e5 14. d4 exd4 15. Rxd4 Qc8 16. a5 a6 17. Ba3 Re8 18. Bc5 Be6 19. Qd2 Nf5 20. Rb4 Rd8 {Grischuk,A (2779)-Riazantsev,A (2708) Khanty-Mansiysk 2013 1-0 (49)}) 6... Nd7 7. Na3 Bxa3 8. Rxa3 Ngf6 $146 ({RR} 8... Ne7 9. Rc3 Nb6 10. a5 Nd7 11. Qa4 O-O 12. Qa3 b5 13. axb6 axb6 14. Qd6 b5 15. Nd4 Nf6 16. Qxd8 Rfxd8 17. Nxc6 Nxc6 18. Bxc6 Rab8 19. f3 Rb6 20. Be4 Bxe4 21. fxe4 Nxe4 22. Rc2 f5 23. b3 {Inarkiev,E (2680)-Riazantsev,A (2708) Khanty-Mansiysk 2013 1-0 (46)}) 9. Nh4 O-O 10. Nxf5 exf5 11. Qc2 Re8 12. Re3 Qa5 13. Qxc4 Nb6 14. Qc2 Ng4 15. Rxe8+ Rxe8 16. e3 Nxa4 17. b3 Nb6 18. Bb2 Qb5 19. h3 Nf6 20. Ra1 Ne4 21. d3 Nf6 22. Rxa7 Nc8 23. Ra4 Nd5 24. Qc4 Nc7 25. Qc3 Ne6 26. Ra5 Qb6 27. Rxf5 Nd6 28. Rg5 Kf8 29. Rh5 Nb5 30. Qb4+ Kg8 31. Qe4 h6 32. Qg4 Qa5 33. Rxh6 Qe1+ 34. Bf1 Nc3 35. Bxc3 Qxc3 36. Rh4 Qxb3 37. Qh5 Kf8 38. Qe5 Ke7 39. Re4 Ra8 40. Qxg7 Qd1 41. Qg5+ Kd7 42. Qf6 Ra1 43. Qxf7+ Kd8 44. Qf6+ Kc7 45. Qe5+ Kb6 46. Qxa1 Qxa1 47. Rxe6 Kc7 48. d4 b5 49. Re7+ Kd6 50. Rb7 Qa8 51. Rg7 b4 52. Bc4 Qa3 53. Rb7 Qc1+ 54. Bf1 Qb1 55. h4 c5 56. dxc5+ Kxc5 57. h5 Kc6 58. Rb8 b3 59. h6 b2 60. h7 Qxh7 61. Rxb2 Qg7 62. Rd2 Qa1 63. Kg2 Kc5 64. Rd4 Qa8+ 65. Kg1 Qa1 66. g4 Qb1 67. g5 Qf5 68. Bg2 Qg6 69. Kh2 Qh5+ 70. Kg1 Qg6 71. Rd5+ Kc6 72. Kh2 Kc7 73. Kg3 Qc2 74. e4 Qc3+ 75. Bf3 Qg7 76. Bg2 Qc3+ 77. Kg4 Qb2 78. Rf5 Kd6 79. g6 Ke7 80. Bh3 Qe2+ 81. f3 Qb2 82. Kg5 Qc1+ 83. f4 Qa1 84. e5 Qa8 85. Rf7+ 1-0